000 01043nam a2200181Ia 4500
008 090124s9999 xx 000 0 und d
082 _b25953
_a6837
100 _aशेट्ये चंद्रहास
245 _a अजेय (महाभारताच्या नभांगणास स्वयंतेजाने व्यापणाऱ्या अर्जुनाची महानगाथा)
250 _a1
260 _c1989
300 _a528
600 _aशेट्ये चंद्रहास
630 _a अजेय (महाभारताच्या नभांगणास स्वयंतेजाने व्यापणाऱ्या अर्जुनाची महानगाथा)
700 _aशेट्ये चंद्रहास
730 _a अजेय (महाभारताच्या नभांगणास स्वयंतेजाने व्यापणाऱ्या अर्जुनाची महानगाथा)
942 _cBOOK
999 _c139439
_d139439